00780nam a2200205 i 450000100060000000300090000600500170001500700030003200800410003510000390007624500950011526000450021030000210025549000450027665000290032183000530035085200320040399900170043595201220045236883ES-MaACL20250801201856.0t|030219s1966 sp ||||1| spa d1 aBouyer, Louis (d1913-2004)93109510aPalabra, Iglesia y sacramentos en el Protestantismo y el Catolicismo / cpor Louis Bouyer. aBilbao : bDesclée de Brouwer, c1966. a89 p. ; c19 cm.1 aBiblioteca de Estudios Pastorales ; v3607aTeología2embne9174570 aBiblioteca de Estudios Pastorales ; v369181669 aES-MaACLjC-29129 bR.59626 c36883d36883 00104070aATENEOMbATENEOMcDEPO2d2008-01-17eSCl0oC-29129p1038788r2023-02-23 00:00:00w2023-02-23yMONOGRAFIA